Southville International School and Colleges
Your cart is empty.
  • Cart
  • Lists
    Public lists list_1 View all
    Your lists Log in to create your own lists
  • Log in to your account
  • Your cookies
  • Search history
Southville International School and Colleges
  • Advanced search
  • Recent comments
  • Most popular
  • Libraries

Log in to your account

Log in with GOOGLE


If you do not have an external account, but do have a local account, you can still log in:

  1. Home
  2. MARC view: Breaking through :
Normal view MARC view ISBD view

Breaking through : (Record no. 22196)

[ view plain ]
MARC details
000 -LEADER
fixed length control field 00714nam a2200217 a 4500
005 - DATE AND TIME OF LATEST TRANSACTION
control field 20140310183355.0
008 - FIXED-LENGTH DATA ELEMENTS--GENERAL INFORMATION
fixed length control field 120920s19uu xx 00 eng d
020 ## - INTERNATIONAL STANDARD BOOK NUMBER
International Standard Book Number 9789719328759
050 ## - LIBRARY OF CONGRESS CALL NUMBER
Classification number HD 30.28
Item number .Es88 2009
100 ## - MAIN ENTRY--PERSONAL NAME
Personal name Estanislao, Jesus P.
245 ## - TITLE STATEMENT
Title Breaking through :
Remainder of title the road from resolutions to results /
Statement of responsibility, etc by Jesus P. Estanislao.
260 ## - PUBLICATION, DISTRIBUTION, ETC. (IMPRINT)
Place of publication, distribution, etc Makati City, Philippines :
Name of publisher, distributor, etc Institute for Solidarity in Asia,
Date of publication, distribution, etc 2009.
300 ## - PHYSICAL DESCRIPTION
Extent 241 p.
Dimensions 23 cm.
500 ## - GENERAL NOTE
General note Includes index.
521 ## - TARGET AUDIENCE NOTE
Target audience note
650 ## - SUBJECT ADDED ENTRY--TOPICAL TERM
Topical term or geographic name as entry element Strategic planning
General subdivision Philippines
650 ## - SUBJECT ADDED ENTRY--TOPICAL TERM
Topical term or geographic name as entry element Political participation
General subdivision Philippines
650 ## - SUBJECT ADDED ENTRY--TOPICAL TERM
Topical term or geographic name as entry element Corporate governance
General subdivision Philippines
942 ## - ADDED ENTRY ELEMENTS (KOHA)
Koha item type Books
Source of classification or shelving scheme Library of Congress Classification
Call number prefix Local
Holdings
Withdrawn status Lost status Source of classification or shelving scheme Damaged status Home library Current library Shelving location Date acquired Source of acquisition Cost, normal purchase price Total Checkouts Full call number Barcode Date last seen Copy number Price effective from Koha item type
    Library of Congress Classification   College Library College Library General Circulation Section 09/20/2012   700.00   HD 30.28 .Es88 2009 C15841 05/15/2018 1 10/10/2013 Books

Breaking through :

APA

Estanislao J. P., . (2009). Breaking through. Makati City, Philippines: Institute for Solidarity in Asia.

Chicago

Estanislao Jesus P, . 2009. Breaking through. Makati City, Philippines: Institute for Solidarity in Asia.

Harvard

Estanislao J. P., . (2009). Breaking through. Makati City, Philippines: Institute for Solidarity in Asia.

MLA

Estanislao Jesus P, . Breaking through. Makati City, Philippines: Institute for Solidarity in Asia. 2009.

  • Place hold
  • Print
  • Cite
  • Add to your cart (remove)
  • Save record
    BIBTEX Dublin Core MARCXML MARC (non-Unicode/MARC-8) MARC (Unicode/UTF-8) MARC (Unicode/UTF-8, Standard) MODS (XML) RIS
  • More searches
    Search for this title in:
    Other Libraries (WorldCat) Other Databases (Google Scholar) Online Stores (Bookfinder.com) Open Library (openlibrary.org)

Exporting to Dublin Core...

SOUTHVILLE LIBRARY

Southville International School and Colleges Library

1281 Tropical Ave. Cor. Luxembourg St., BF Homes International, Las Pinas City

Tel. No. 8256374 / 252358 Loc. 117/146

Powered by Koha